International handbook of liquid crystal displays, 1975-76.

Bibliographic Details
Main Author: Tobias, Martin
Format: Book
Language:English
Published: [London?] : Ovum ; [1976]
Edition:2nd ed.
Subjects:

MARC

Tag First Indicator Second Indicator Subfields
LEADER 00000cam a2200000 a 4500
001 in00000069434
005 20151008053354.0
008 820918s1976 enka b 00000 eng d
020 |a 0903969149 
035 |a (OCoLC)08787259 
035 |9 AAH7209AM 
040 |a TXA  |c TXA  |d UtOrBLW 
049 |a TXAM  |c [1655047] 
090 |a TK7882 I6  |b  T6 1976 
100 1 |a Tobias, Martin. 
245 1 0 |a International handbook of liquid crystal displays, 1975-76. 
250 |a 2nd ed.  |b with 1976 supplement / by Martin Tobias. 
264 1 |a [London?] :  |b Ovum ;  |c [1976] 
264 2 |a Great Necks, N.Y :  |b Distributed exclusively by Scholium International, 
264 4 |c ©1976 
300 |a viii, 181 pages :  |b  illustrations ;  |c 30 cm. 
336 |a text  |b txt  |2 rdacontent 
337 |a unmediated  |b n  |2 rdamedia 
338 |a volume  |b nc  |2 rdacarrier 
500 |a Distributor label on title page. 
504 |a Includes bibliographical references. 
650 0 |a Information display systems. 
650 0 |a Liquid crystal devices. 
999 |a MARS 
999 f f |s c2f0a30f-3dc3-30b7-9cb6-a0f5d329b85d  |i 45a7d16d-bfc3-3e05-bf1c-958a1289dcbb  |t 0 
952 f f |p ric  |a Texas A&M University  |b Rellis Campus  |c Joint Library Facility  |d Remote Storage  |t 0  |e TK7882 I6 T6 1976  |h Library of Congress classification  |i unmediated -- volume  |m A14805956855 
998 f f |a TK7882 I6 T6 1976  |t 0  |l Remote Storage